[Event "Bundesliga 2324"]
[Site "Germany"]
[Date "2024.01.13"]
[Round "5.3"]
[White "Schulze, Torben"]
[Black "Fridman, Daniel"]
[Result "0-1"]
[WhiteElo "2325"]
[BlackElo "2588"]
[PlyCount "74"]
[EventDate "2023.10.21"]
[EventType "team-tourn"]
[EventRounds "15"]
[EventCountry "GER"]
[SourceTitle "CB03_2024"]
[SourceDate "2024.01.17"]
[SourceVersion "1"]
[SourceVersionDate "2024.01.17"]
[SourceQuality "1"]
[WhiteTeam "Lister Turm"]
[BlackTeam "Muelheim Nord"]
[WhiteTeamCountry "GER"]
[BlackTeamCountry "GER"]

1. e4 g6 2. d4 Bg7 3. Nf3 d6 4. Be2 Nf6 5. Nc3 0-0 6. 0-0 Bg4 7. h3 Bxf3 8. Bxf3 Nfd7 9. Be3 Nc6 10. d5 Nce5 11. Be2 Nb6 12. Bd4 c5 13. dxc6 bxc6 14. f4 c5 15. Bxe5 dxe5 16. f5 Qd4+ 17. Qxd4 cxd4 18. Nd5 Nxd5 19. exd5 e4 20. Rf4 gxf5 21. Rxf5 Rac8 22. Bd1 e6 23. dxe6 fxe6 24. Rxf8+ Kxf8 25. a4 Ke7 26. Kf1 Be5 27. Ra3 Rb8 28. Ra2 Rf8+ 29. Kg1 Bf4 30. Ra1 Be3+ 31. Kh2 Rf1 32. g3 Re1 33. Rb1 Bg1+ 34. Kg2 e3 35. b3 e2 36. Bxe2 Rxb1 37. Bf1 Be3 0-1

[Event "GER-ch Blitz"]
[Site "Viernheim"]
[Date "2023.07.15"]
[Round "9"]
[White "Lang, Torsten"]
[Black "Schulze, Torben"]
[Result "1-0"]
[WhiteElo "2288"]
[BlackElo "2325"]
[PlyCount "55"]
[EventDate "2023.07.15"]
[EventType "tourn (blitz)"]
[EventRounds "29"]
[EventCountry "GER"]
[SourceTitle "CBM 215 Extra"]
[Source "ChessBase"]
[SourceDate "2023.09.30"]
[SourceVersion "1"]
[SourceVersionDate "2023.09.30"]
[SourceQuality "1"]

1. d4 Nf6 2. Nf3 c5 3. d5 d6 4. Nc3 Bf5 5. g3 h6 6. Bg2 g5 7. 0-0 Bg7 8. Re1 0-0 9. a4 Na6 10. Nd2 Bg6 11. e4 Nc7 12. Nc4 Rb8 13. a5 b5 14. axb6 axb6 15. Bd2 Nd7 16. f4 Ra8 17. Qe2 b5 18. Na5 b4 19. Nc6 Qe8 20. Rxa8 Qxa8 21. Nxe7+ Kh8 22. Nd1 Re8 23. Nxg6+ fxg6 24. Qd3 g4 25. e5 dxe5 26. d6 Qa7 27. Qxg6 Re6 28. dxc7 1-0

[Event "GER-ch Blitz"]
[Site "Magdeburg"]
[Date "2021.08.01"]
[Round "16"]
[White "Baldauf, Marco"]
[Black "Schulze, Torben"]
[Result "1-0"]
[WhiteElo "2511"]
[BlackElo "2280"]
[PlyCount "110"]
[EventDate "2021.08.01"]
[EventType "tourn (blitz)"]
[EventRounds "29"]
[EventCountry "GER"]
[EventCategory "5"]
[SourceTitle "CBM 203 Extra"]
[Source "ChessBase"]
[SourceDate "2021.09.30"]
[SourceVersion "1"]
[SourceVersionDate "2021.09.30"]
[SourceQuality "1"]

1. d4 d6 2. Nf3 Bg4 3. c4 Nf6 4. Qb3 Qc8 5. h3 Bd7 6. Nc3 g6 7. e4 Bg7 8. Be2 0-0 9. 0-0 c5 10. d5 Na6 11. Bf4 Nc7 12. e5 Nfe8 13. Rfe1 Rb8 14. a4 Na6 15. Nb5 dxe5 16. Nxe5 Ra8 17. Rad1 Nd6 18. Qe3 Nf5 19. Qc1 Bxb5 20. axb5 Nc7 21. Bg4 Ne8 22. Nf3 Bf6 23. Qc2 Ned6 24. Re2 h5 25. Bxf5 Nxf5 26. Be5 Qd7 27. Qc3 Bg7 28. Bxg7 Nxg7 29. Qe3 Nf5 30. Qxc5 b6 31. Qb4 Rac8 32. b3 Rc7 33. Rde1 Rfc8 34. Ne5 Qd6 35. Qxd6 exd6 36. Nc6 Kf8 37. g4 hxg4 38. hxg4 Nh4 39. Re3 g5 40. Ra1 Ra8 41. f3 Ng6 42. Kf2 Nf4 43. Rh1 Kg7 44. Nb4 Rd8 45. Ree1 Rdd7 46. Re8 Re7 47. Re1 Rxe1 48. Kxe1 Kf6 49. Kf2 Ng6 50. Nc6 Nf4 51. Ke3 Ng2+ 52. Kd4 Nh4 53. Ke3 Ng2+ 54. Kf2 Nf4 55. Rd8 Kg7 1-0

[Event "GER-ch Blitz"]
[Site "Magdeburg"]
[Date "2021.08.01"]
[Round "10"]
[White "Carlstedt, Jonathan"]
[Black "Schulze, Torben"]
[Result "0-1"]
[WhiteElo "2442"]
[BlackElo "2280"]
[PlyCount "76"]
[EventDate "2021.08.01"]
[EventType "tourn (blitz)"]
[EventRounds "29"]
[EventCountry "GER"]
[EventCategory "5"]
[SourceTitle "CBM 203 Extra"]
[Source "ChessBase"]
[SourceDate "2021.09.30"]
[SourceVersion "1"]
[SourceVersionDate "2021.09.30"]
[SourceQuality "1"]

1. d4 Nf6 2. Nf3 c5 3. dxc5 e6 4. a3 Bxc5 5. b4 Be7 6. Bb2 0-0 7. Nbd2 b6 8. e4 Bb7 9. Bd3 d6 10. 0-0 Nbd7 11. c4 Rc8 12. Rc1 Qc7 13. Bb1 Rfd8 14. Re1 Qb8 15. Nf1 Ne5 16. Nxe5 dxe5 17. Qe2 a5 18. Bc3 Ba6 19. Ne3 Bb7 20. f3 axb4 21. axb4 Qc7 22. Qb2 Nd7 23. Ba2 h5 24. Bb3 Bf6 25. Kh1 Nf8 26. Red1 Ng6 27. Be1 Bg5 28. Bf2 Qe7 29. Rxd8+ Rxd8 30. c5 bxc5 31. bxc5 Rc8 32. Qa3 Nf4 33. h4 Bxh4 34. g3 Nd3 35. gxh4 Nxf2+ 36. Kg2 Nd3 37. Rc3 Nf4+ 38. Kg3 Ne2+ 0-1

[Event "GER-ch Blitz"]
[Site "Magdeburg"]
[Date "2021.08.01"]
[Round "21"]
[White "Kollars, Dmitrij"]
[Black "Schulze, Torben"]
[Result "1-0"]
[WhiteElo "2617"]
[BlackElo "2280"]
[PlyCount "89"]
[EventDate "2021.08.01"]
[EventType "tourn (blitz)"]
[EventRounds "29"]
[EventCountry "GER"]
[EventCategory "5"]
[SourceTitle "CBM 203 Extra"]
[Source "ChessBase"]
[SourceDate "2021.09.30"]
[SourceVersion "1"]
[SourceVersionDate "2021.09.30"]
[SourceQuality "1"]

1. e4 Nc6 2. Nf3 f5 3. exf5 d5 4. Bb5 Bxf5 5. Ne5 Qd6 6. d4 Nf6 7. 0-0 Nd7 8. Bf4 Ncxe5 9. Bxe5 Qb6 10. Bxd7+ Kxd7 11. Nc3 e6 12. Na4 Qc6 13. b3 Bd6 14. c4 Rad8 15. Rc1 Bxe5 16. dxe5 Kc8 17. Qd4 Kb8 18. c5 g5 19. Nc3 Qa6 20. Rfd1 g4 21. a4 Ka8 22. b4 h5 23. b5 Qa5 24. Ne2 h4 25. Qb2 h3 26. g3 c6 27. Nd4 Qc7 28. Re1 Qd7 29. a5 Rb8 30. a6 bxa6 31. bxc6 Qc7 32. Qa3 Rhf8 33. Qxa6 Rb2 34. Nb5 Qb8 35. c7 Qxb5 36. c8Q+ Rxc8 37. Qxc8+ Qb8 38. Qc6+ Qb7 39. Qe8+ Qb8 40. Qa4 Rb4 41. Qc6+ Qb7 42. Qd6 Qb8 43. c6 Rb6 44. Qd7 Rb2 45. c7 1-0

[Event "Oberliga Nord W 1920"]
[Site "Germany"]
[Date "2020.03.01"]
[Round "7.5"]
[White "Schulze, Torben"]
[Black "Grebener, Soeren"]
[Result "1-0"]
[WhiteElo "2276"]
[BlackElo "2005"]
[PlyCount "61"]
[EventDate "2019.09.29"]
[EventType "team-tourn"]
[EventRounds "9"]
[EventCountry "GER"]
[SourceTitle "CBM 195 Extra"]
[Source "ChessBase"]
[SourceDate "2020.05.31"]
[SourceVersion "1"]
[SourceVersionDate "2020.05.31"]
[SourceQuality "1"]

1. e4 e5 2. Nf3 Nf6 3. d3 d6 4. g3 Be7 5. Bg2 0-0 6. 0-0 c6 7. c4 Qc7 8. Nc3 h6 9. Rb1 a5 10. Qe2 Rd8 11. Rd1 c5 12. a3 Nc6 13. Bd2 Bg4 14. Nb5 Qd7 15. Qf1 Nh7 16. h3 Be6 17. Kh2 f5 18. exf5 Bxf5 19. Qe2 Rf8 20. Be3 Kh8 21. Nc3 Rf7 22. Rf1 Raf8 23. Rbe1 Be6 24. Ne4 b6 25. Nfd2 d5 26. cxd5 Bxd5 27. Nc4 Bxc4 28. dxc4 Nd4 29. Qd2 Qa4 30. Qc3 Nc2 31. b3 1-0

[Event "Hannover Bezirks-ch A"]
[Site "Lehrte"]
[Date "2019.10.04"]
[Round "3.3"]
[White "Schulze, Torben"]
[Black "Sreyas, Payyappat"]
[Result "0-1"]
[WhiteElo "2285"]
[BlackElo "2020"]
[PlyCount "62"]
[EventDate "2019.10.03"]
[EventType "swiss"]
[EventRounds "7"]
[EventCountry "GER"]
[SourceTitle "EXT 2023"]
[Source "ChessBase"]
[SourceDate "2022.10.05"]
[SourceVersion "1"]
[SourceVersionDate "2022.10.05"]
[SourceQuality "1"]

1. e4 e5 2. Nc3 Bc5 3. Bc4 Nf6 4. d3 d6 5. Nf3 Bg4 6. h3 Be6 7. Bb3 c6 8. 0-0 0-0 9. Qe2 Bxb3 10. axb3 b5 11. Be3 Nbd7 12. Bxc5 Nxc5 13. b4 Ne6 14. Ra6 Nd4 15. Qd1 Qc8 16. Ra5 Ne6 17. Qd2 Nf4 18. Kh2 N6h5 19. Ng1 Nf6 20. Rfa1 a6 21. Nge2 g5 22. Ng3 Kh8 23. Nf5 d5 24. g3 dxe4 25. gxf4 Qxf5 26. fxg5 Rg8 27. gxf6 Qg6 28. f4 Qg3+ 29. Kh1 Qxh3+ 30. Qh2 Qf3+ 31. Qg2 Qxg2# 0-1